| 000 | 01069nac a22003251u 4500 | ||
|---|---|---|---|
| 999 |
_c7328 _d7328 |
||
| 003 | EG-ScBUE | ||
| 005 | 20210315110849.0 | ||
| 008 | 200219s2001 stk f b 000 0beng d | ||
| 020 | _a1842050524 | ||
| 020 | _a9781842050521 | ||
| 035 | _a(OCoLC)ocm47150777 | ||
| 040 |
_aEG-ScBUE _beng _erda _cEG-ScBUE _dEG-ScBUE |
||
| 082 | 0 | 4 |
_a821.8 _bROS _222 |
| 100 | 1 |
_aRoss, David, _d1943- _eauthor. |
|
| 245 | 1 | 0 |
_aW. B. Yeats / _cDavid Ross. |
| 264 | 1 |
_aNew Lanark, Scotland : _bGeddes and Grosset, _c2001. |
|
| 300 |
_a188 pages ; _c17 cm |
||
| 336 |
_2rdacontent _atext _btxt |
||
| 337 |
_2rdamedia _aunmediated _bn |
||
| 338 |
_2rdacarrier _avolume _bnc |
||
| 500 | _aDistributer: Al-Ahram. | ||
| 504 | _aIncludes bibliographical references. | ||
| 600 | 1 | 7 |
_aYeats, W. B. _q(William Butler), _d1865-1939. _2BUEsh |
| 650 | 7 |
_aPoets, Irish _y19th century _vBiography. _2BUEsh |
|
| 650 | 7 |
_aPoets, Irish _y20th century _vBiography. _2BUEsh |
|
| 651 | _2BUEsh | ||
| 653 |
_bHHUUEENN _cMarch2021 |
||
| 655 |
_vReading book _934232 |
||
| 942 |
_cBB _k821.8ROS _2ddc |
||